Riconosci il Pokémon - Quiz n°622 - Statistics

Statistiche generali
  • Questo quiz è stato fatto 4 volte
  • Il punteggio medio è 8 su 10
Statistiche sulle risposte
Indizio Riposta % Corretto
Tasso di cattura 150 (29.5%)
100%
Tipo Folletto
100%
Generazione Seconda
100%
Altezza 0,3 m
67%
Sesso 25% ♂, 75% ♀
67%
Peso 3,0 kg
67%
Pokémon Cleffa
67%
Stadio evoluzione Forma Baby
67%
Abilità Incantevole; Magicscuso; Amicoscudo
67%
Tasso di allevamento Veloce
67%
Nessun quiz corrispondente trovato
Distribuzione punteggi
Percentuale di utenti per punteggio
Percentile per numero di risposta
I tuoi punteggi nel tempo
Non hai fatto questo quiz